Prognoserechnung

Salvato in:
Dettagli Bibliografici
Altri autori: Mertens, Peter
Natura: Libro
Lingua:tedesco
Pubblicazione: Würzburg Physica 1978
Edizione:3. durchgeseh. Aufl.
Tags: Aggiungi Tag
Nessun Tag, puoi essere il primo ad aggiungerne!!

MARC

LEADER 00000nam a2200000 4500
001 c024375
005 20221220102524.4
041 0 |a ger 
044 |a DE 
245 1 0 |a Prognoserechnung  |c Red. Peter Mertens 
250 |a 3. durchgeseh. Aufl. 
264 1 |a Würzburg  |b Physica  |c 1978 
300 |a 304 s. 
700 1 |a Mertens, Peter